| 000 | 00658cam a2200265 4500 | ||
|---|---|---|---|
| 008 | 000000n1999 000 0 eng u | ||
| 020 | _a0632051973 | ||
| 035 | _a(Sirsi) u100830 | ||
| 041 | _aeng | ||
| 050 | _a624.08 | ||
| 100 | _aPowell-Smith, Vincent | ||
| 245 | _aCivil Engineering claims. | ||
| 250 | _a3rd ed. | ||
| 260 |
_aOxford _bBlackwell Science _c1999 |
||
| 300 | _axii,308p. ; 25cm. | ||
| 350 | _a45.00 | ||
| 650 |
_aContracts _96232 |
||
| 650 | _aLAW | ||
| 650 | _aENGINEERING CONTRACTS | ||
| 650 | _aCONTRACT CLAIMS | ||
| 690 | _aBUILT ENVIRONMENT | ||
| 700 | _aStephenson, Douglas | ||
| 700 | _aRedmond, John | ||
| 942 | _n0 | ||
| 999 |
_c99863 _d99863 |
||